Culture, religion and conflict in Muslim Southeast Asia : (Record no. 14345)

000 -LEADER
fixed length control field 01142cam a2200313 a 4500
001 - CONTROL NUMBER
control field 17358518
005 - DATE AND TIME OF LATEST TRANSACTION
control field 20170105102853.0
008 - FIXED-LENGTH DATA ELEMENTS--GENERAL INFORMATION
fixed length control field 120622s2013 enk b 001 0 eng
010 ## - LIBRARY OF CONGRESS CONTROL NUMBER
LC control number 2012025429
020 ## - INTERNATIONAL STANDARD BOOK NUMBER
International Standard Book Number 9780415625265 (hardback)
020 ## - INTERNATIONAL STANDARD BOOK NUMBER
International Standard Book Number 9780203079980 (ebook)
040 ## - CATALOGING SOURCE
Original cataloging agency DLC
Transcribing agency DLC
Modifying agency DLC
043 ## - GEOGRAPHIC AREA CODE
Geographic area code as-----
050 00 - LIBRARY OF CONGRESS CALL NUMBER
Classification number BP63.A38
Item number C85 2013
082 00 - DEWEY DECIMAL CLASSIFICATION NUMBER
Classification number 303.6095
Edition number 23
245 00 - TITLE STATEMENT
Title Culture, religion and conflict in Muslim Southeast Asia :
Remainder of title negotiating tense pluralisms /
Statement of responsibility, etc. edited by Joseph Camilleri and Sven Schottmann.
260 ## - PUBLICATION, DISTRIBUTION, ETC.
Place of publication, distribution, etc. London ;
-- New York :
Name of publisher, distributor, etc. Routledge,
Date of publication, distribution, etc. 2013.
300 ## - PHYSICAL DESCRIPTION
Extent xvi, 196 p. ;
Dimensions 24 cm.
490 0# - SERIES STATEMENT
Series statement Routledge contemporary southeast Asia series ;
Volume/sequential designation 56
504 ## - BIBLIOGRAPHY, ETC. NOTE
Bibliography, etc. note Includes bibliographical references and index.
650 #0 - SUBJECT ADDED ENTRY--TOPICAL TERM
Topical term or geographic name entry element Islam
Geographic subdivision Southeast Asia.
650 #0 - SUBJECT ADDED ENTRY--TOPICAL TERM
Topical term or geographic name entry element Muslims
Geographic subdivision Southeast Asia.
651 #0 - SUBJECT ADDED ENTRY--GEOGRAPHIC NAME
Geographic name Southeast Asia
General subdivision Ethnic relations.
700 1# - ADDED ENTRY--PERSONAL NAME
Personal name Camilleri, Joseph A.,
Dates associated with a name 1944-
700 1# - ADDED ENTRY--PERSONAL NAME
Personal name Schottmann, Sven.
906 ## - LOCAL DATA ELEMENT F, LDF (RLIN)
a 7
b cbc
c orignew
d 1
e ecip
f 20
g y-gencatlg
942 ## - ADDED ENTRY ELEMENTS (KOHA)
Source of classification or shelving scheme
Koha item type Book
Holdings
Withdrawn status Lost status Damaged status Not for loan Collection code Permanent Location Current Location Shelving location Date acquired Total Checkouts Full call number Barcode Date last seen Price effective from Koha item type
          Centre for International Peace & Stability (CIPS) Centre for International Peace & Stability (CIPS) General Stacks 08/21/2013   303.6095 CUL 2013 CIPS0000392 08/21/2013 08/21/2013 Book
© 2023 Central Library, National University of Sciences and Technology. All Rights Reserved.